000 00319nam a22001457a 4500
003 OSt
005 20160727222352.0
008 160622b xxu||||| |||| 00| 0 eng d
040 _cTEST
100 _9430
_aBraun, M,
245 _aJury of Six
260 _aLON
_bSphere Book Ltd
300 _aJury of Six
942 _2ddc
_cBK
999 _c352
_d352